[Event "Chigorin Memorial 22nd"]
[Site "St Petersburg"]
[Date "2014.10.25"]
[Round "8"]
[White "Gantsevich, Aleksey A"]
[Black "Hyotyla, Tapio"]
[Result "1/2-1/2"]
[WhiteElo "1766"]
[BlackElo "1840"]
[PlyCount "72"]
[EventDate "2014.10.18"]
[EventType "swiss"]
[EventRounds "9"]
[EventCountry "RUS"]
[SourceTitle "EXT 2015"]
[Source "ChessBase"]
[SourceDate "2014.11.20"]
[SourceVersion "1"]
[SourceVersionDate "2014.11.20"]
[SourceQuality "1"]

1. e4 g6 2. d4 Bg7 3. Nc3 a6 4. f4 d5 5. e5 h5 6. Nf3 Bg4 7. h3 Bxf3 8. Qxf3 e6 9. Bd3 h4 10. Be3 Ne7 11. 0-0-0 b5 12. g4 hxg3 13. Qxg3 Nf5 14. Bxf5 exf5 15. e6 c6 16. exf7+ Kxf7 17. Rhg1 Qf6 18. Rde1 Nd7 19. Bf2 Rae8 20. h4 Rxe1+ 21. Rxe1 Re8 22. Rxe8 Kxe8 23. Qg5 Qxg5 24. hxg5 Nf8 25. Ne2 Ne6 26. c3 Bf8 27. b4 Bd6 28. Be3 Bc7 29. Kc2 a5 30. a3 axb4 31. axb4 Kd7 32. Kd3 Nd8 33. Kc2 Ne6 34. Kd3 Nd8 35. Kc2 Ne6 36. Kd3 Nd8 1/2-1/2

[Event "Chigorin Memorial 22nd"]
[Site "St Petersburg"]
[Date "2014.10.18"]
[Round "1"]
[White "Hyotyla, Tapio"]
[Black "Khanin, Semen"]
[Result "0-1"]
[WhiteElo "1840"]
[BlackElo "2292"]
[PlyCount "64"]
[EventDate "2014.10.18"]
[EventType "swiss"]
[EventRounds "9"]
[EventCountry "RUS"]
[SourceTitle "EXT 2015"]
[Source "ChessBase"]
[SourceDate "2014.11.20"]
[SourceVersion "1"]
[SourceVersionDate "2014.11.20"]
[SourceQuality "1"]

1. d4 Nf6 2. c4 g6 3. Nc3 Bg7 4. e4 d6 5. Bd3 0-0 6. h3 c5 7. d5 e6 8. Nf3 exd5 9. cxd5 Nbd7 10. 0-0 a6 11. a4 Qc7 12. Bf4 c4 13. Bc2 Rb8 14. a5 Re8 15. Nd2 b5 16. axb6 Nxb6 17. Re1 Nfd7 18. Nf3 Ne5 19. Nxe5 dxe5 20. Be3 Bf8 21. Qd2 Nd7 22. Ba4 Rd8 23. Rab1 Nc5 24. Bc2 Bd6 25. Qe2 Nb3 26. Red1 f6 27. Qf3 Kg7 28. Qe2 Bd7 29. Qe1 a5 30. Bxb3 Rxb3 31. Qe2 Rdb8 32. Qc2 Qb7 0-1

[Event "Chigorin Memorial 21st"]
[Site "St Petersburg"]
[Date "2013.10.07"]
[Round "3"]
[White "Chernov, Maksim"]
[Black "Hyotyla, Tapio"]
[Result "1/2-1/2"]
[WhiteElo "1962"]
[BlackElo "1796"]
[PlyCount "102"]
[EventDate "2013.10.05"]
[EventType "swiss"]
[EventRounds "9"]
[EventCountry "RUS"]
[SourceTitle "CBM 156 Extra"]
[Source "ChessBase"]
[SourceDate "2013.10.22"]
[SourceVersion "1"]
[SourceVersionDate "2013.10.22"]
[SourceQuality "1"]

1. e4 d6 2. d4 g6 3. Nc3 c6 4. Be3 Bg7 5. Qd2 Nd7 6. f3 b5 7. a3 Nb6 8. d5 a6 9. Bd4 Nf6 10. dxc6 Be6 11. Qf2 Rb8 12. e5 dxe5 13. Bxe5 Na8 14. Rd1 Qb6 15. Bxb8 Qxb8 16. Qc5 Qc7 17. a4 b4 18. Qxb4 Qxc6 19. Bd3 0-0 20. Nge2 Nc7 21. Nd4 Qd7 22. Nxe6 Qxe6+ 23. Be2 Nfd5 24. Nxd5 Nxd5 25. Qe4 Qxe4 26. fxe4 Nb4 27. Rd3 Nxc2+ 28. Kd2 Rc8 29. Rc1 Bh6+ 30. Kd1 Ne3+ 31. Rxe3 Rxc1+ 32. Kxc1 Bxe3+ 33. Kc2 a5 34. b4 axb4 35. Kb3 Kf8 36. Kxb4 Ke8 37. Bc4 f6 38. Be6 Kd8 39. Kc4 Kc7 40. Kd5 Bf4 41. h3 g5 42. Bf7 Kd7 43. g4 Bd6 44. Bh5 Kc7 45. Ke6 Kb6 46. Be8 Ka5 47. Kf7 Kb6 48. Kg7 Ka5 49. Kxh7 Kb6 50. Kg6 Ka5 51. Kh5 Bg3 1/2-1/2

[Event "Reykjavik op"]
[Site "Reykjavik"]
[Date "2013.02.19"]
[Round "1"]
[White "Handler, Lukas"]
[Black "Hyotyla, Tapio"]
[Result "1-0"]
[WhiteElo "2369"]
[BlackElo "1792"]
[PlyCount "91"]
[EventDate "2013.02.19"]
[EventType "swiss"]
[EventRounds "10"]
[EventCountry "ISL"]
[SourceTitle "CBM 153 Extra"]
[Source "ChessBase"]
[SourceDate "2013.04.22"]
[SourceVersion "1"]
[SourceVersionDate "2013.04.22"]
[SourceQuality "1"]

1. d4 Nf6 2. c4 Nc6 3. Nf3 e6 4. Nc3 Bb4 5. e3 d6 6. Qc2 0-0 7. a3 Bxc3+ 8. Qxc3 Qe8 9. Be2 a5 10. b3 e5 11. dxe5 Nxe5 12. Bb2 Ne4 13. Qd4 Nc5 14. Nxe5 Qxe5 15. Qxe5 dxe5 16. Bxe5 Nxb3 17. Rb1 a4 18. Bxc7 Be6 19. Bd6 Rfc8 20. Rd1 Bxc4 21. Bxc4 Rxc4 22. 0-0 f6 23. g3 Rac8 24. Kg2 Rc1 25. Bb4 Rxd1 26. Rxd1 Rc2 27. Rd8+ Kf7 28. Ra8 Nc5 29. Bxc5 Rxc5 30. Rxa4 Ke6 31. Rh4 h6 32. Rg4 Kf7 33. Ra4 Ke6 34. Kf3 Kd5 35. Rd4+ Ke6 36. h4 Ke7 37. Rg4 Kf7 38. Ra4 Ke6 39. Ra7 Rc7 40. a4 Rd7 41. a5 Kf7 42. h5 Ke6 43. Kf4 Kd6 44. f3 Re7 45. e4 Rf7 46. a6 1-0

[Event "Chigorin Memorial 20th"]
[Site "St Petersburg"]
[Date "2012.11.01"]
[Round "6"]
[White "Hyotyla, Tapio"]
[Black "Yakovlev, Yuri S"]
[Result "1/2-1/2"]
[WhiteElo "1795"]
[BlackElo "1982"]
[PlyCount "110"]
[EventDate "2012.10.27"]
[EventType "swiss"]
[EventRounds "9"]
[EventCountry "RUS"]
[SourceTitle "EXT 2013"]
[Source "ChessBase"]
[SourceDate "2012.11.22"]
[SourceVersion "1"]
[SourceVersionDate "2012.11.22"]
[SourceQuality "1"]

1. d4 e6 2. c4 d5 3. Nc3 Nf6 4. Bg5 Be7 5. cxd5 exd5 6. e3 c6 7. Nf3 Ne4 8. Bxe7 Qxe7 9. Qc2 Nd7 10. Bd3 f5 11. 0-0 0-0 12. Rab1 g6 13. b4 a6 14. a4 Ng5 15. Nxg5 Qxg5 16. Ne2 Qe7 17. Rfc1 Nf6 18. b5 axb5 19. axb5 Bd7 20. bxc6 bxc6 21. Rb7 Rfb8 22. Qxc6 Rxb7 23. Qxb7 Rd8 24. Nf4 Qd6 25. Rc5 Rb8 26. Qc7 Qxc7 27. Rxc7 Bb5 28. Bxb5 Rxb5 29. h4 Rb1+ 30. Kh2 Ng4+ 31. Kg3 Rb2 32. Nh3 Nf6 33. Kf3 h6 34. Rc6 Kf7 35. Nf4 g5 36. hxg5 hxg5 37. Rc7+ Ke8 38. Nd3 Rd2 39. Rc3 Ne4 40. Rb3 g4+ 41. Kf4 Nxf2 42. Ne5 Ne4 43. Kxf5 g3 44. Ke6 Kd8 45. Kxd5 Nf6+ 46. Ke6 Ne4 47. Kf5 Nd6+ 48. Kf4 Rxg2 49. Kf3 Rg1 50. Rb2 Nf5 51. Ke4 g2 52. Nf3 Re1 53. Rxg2 Rxe3+ 54. Kf4 Rxf3+ 55. Kxf3 Nh4+ 1/2-1/2

[Event "Heart of Finland op 21st"]
[Site "Jyvaskyla"]
[Date "2011.07.14"]
[Round "5"]
[White "Hyotyla, Tapio"]
[Black "Pudas, Teemu"]
[Result "1/2-1/2"]
[WhiteElo "1794"]
[BlackElo "2228"]
[PlyCount "48"]
[EventDate "2011.07.11"]
[EventType "swiss"]
[EventRounds "9"]
[EventCountry "FIN"]
[SourceTitle "CBM 143 Extra"]
[Source "ChessBase"]
[SourceDate "2011.08.29"]
[SourceVersion "1"]
[SourceVersionDate "2011.08.29"]
[SourceQuality "1"]

1. d4 d5 2. c4 dxc4 3. Nf3 Nf6 4. e3 e6 5. Bxc4 a6 6. Bb3 c5 7. 0-0 b5 8. Nc3 Bb7 9. dxc5 Nbd7 10. c6 Bxc6 11. Bc2 Be7 12. b3 Rc8 13. Bb2 Qa5 14. Ne2 0-0 15. a3 Rfd8 16. b4 Qc7 17. Rc1 Nb6 18. Bd4 Nc4 19. Qe1 Qb7 20. Ng3 Nxa3 21. Bb3 Bxf3 22. gxf3 Qxf3 23. Ra1 Nc2 24. Bxc2 Rxc2 1/2-1/2

[Event "Heart of Finland op 21st"]
[Site "Jyvaskyla"]
[Date "2011.07.13"]
[Round "4"]
[White "Hyotyla, Tapio"]
[Black "Mednikova, Svetlana"]
[Result "1-0"]
[WhiteElo "1794"]
[BlackElo "2174"]
[PlyCount "107"]
[EventDate "2011.07.11"]
[EventType "swiss"]
[EventRounds "9"]
[EventCountry "FIN"]
[SourceTitle "CBM 143 Extra"]
[Source "ChessBase"]
[SourceDate "2011.08.29"]
[SourceVersion "1"]
[SourceVersionDate "2011.08.29"]
[SourceQuality "1"]

1. d4 f5 2. Bg5 c5 3. d5 Qb6 4. Nd2 Nf6 5. Bxf6 Qxf6 6. Rb1 e5 7. e4 d6 8. Bd3 f4 9. g3 Be7 10. Qf3 0-0 11. g4 Qh4 12. h3 h5 13. Be2 Nd7 14. Qg2 Qf6 15. gxh5 Qh6 16. Bg4 Nf6 17. Bxc8 Raxc8 18. Ngf3 Nxh5 19. Ke2 Nf6 20. Rbg1 Ne8 21. h4 Qh5 22. Kd3 b5 23. c4 a6 24. Ng5 Bxg5 25. hxg5 Qg6 26. b3 Kf7 27. Qh3 Rb8 28. Qd7+ Kg8 29. Nf3 Rf7 30. Qg4 Rfb7 31. Nh4 Qf7 32. g6 Qd7 33. Nf5 Nf6 34. Qh4 bxc4+ 35. Ke2 f3+ 36. Kxf3 Kf8 37. Qh8+ Ng8 38. Rh7 cxb3 39. Rxg7 Qxg7 40. Nxg7 Rxg7 41. Rg5 Rbb7 42. axb3 Rxb3+ 43. Kg2 Rbb7 44. Rf5+ Ke8 45. Rf6 Rbd7 46. Rxd6 Rxd6 47. Qxg7 Ne7 48. Qf7+ Kd8 49. g7 c4 50. g8Q+ Nxg8 51. Qxg8+ Kc7 52. Qg7+ Kb6 53. Qxe5 Kc5 54. Qe7 1-0